00851nam a2200241Ib 450000500170000000800410001702000300005804000300008804100140011808200120013210000250014424500280016925000190019726000400021630000230025649000290027950000580030850001310036665500220049765500180051965500220053770000500055920251215141648.0220713s9999 xx 000 1 AFR d a9780799373790 (paperback) aMPLc3228bengd2000erda aAfrikaans aAF VENT aVenter, PeeteAuthor 0aPlasenta /cPeet Venter aEerste uitgawe aPretoria :bLAPA Uitgewers ,c2015. a302 pages :c21 cm aThys Krige-ReeksvBoek 4 aPlasenta is die vierde roman in die Thys Krige-Reeks. aThys Krige-reeks: 1. Dieper as die bloed ; 2. Ou Bloed ; 3. Waar boosheid broei ; 4. Plasenta 5. Brand 6. Die dooies praat nie 0aAfrikaans Fiction 0aCrime Fiction 0a Suspence Fiction aPeet Venter; Eindredakteur: Jeanette Ferreira